000 00485nam a2200181Ia 4500
008 240925s9999 xx 000 0 und d
020 _a9788122432275
082 _a333.7 BAR
100 _aBarthwal, R. R.
245 0 _aEnvironmental Impact Assessment
250 _a2nd
260 _aNew Delhi:
_bNew Age International (Pvt) Limited
_c,2014.
300 _a404p.
_b0
_fOriginal
500 _aIncludes Index
600 _aSocial Sciences
650 _aSocial Sciences
942 _cBK
999 _c16334
_d16334